书目信息 |
| 书名: | TOTAL FITNESS IN 30 MINUTES A WEEK | |
| 作者: | by LAURENCE E.MOREHOUSE. | |
| 分册号: | ||
| 分册名: | 出版地: | NEW YORK : |
|
| 出版社: | POCKET BOOKS | |
| 出版时间: | 1976. | |
| 页数: | 255 p. ; | |
| 开本: | 18cm. | |
| 丛书名: | ||
| 中图分类号: | ||
| 科图分类号: | ||
| 其他分类号: | R165 | |
| 主题词: | ||
| 电子资源: | ||
| 000 | 00438nam 2200157 a 4500 | |
| 001 | E0762545781 | |
| 005 | 20070519172429.95 | |
| 008 | 070519s1976 00010 eng | |
| 040 | @aPFT@beng | |
| 090 | @aR165 | |
| 099 | @dR165@ex74 | |
| 245 | 1 | @aTOTAL FITNESS IN 30 MINUTES A WEEK / @cby LAURENCE E.MOREHOUSE. |
| 260 | @aNEW YORK :@bPOCKET BOOKS,@c1976. | |
| 300 | @a255 p. ;@c18cm. | |
| 500 | @aBEST SELLER 1# | |
| 700 | @aby MOREHOUSE,LAURENCE E. | |
| TOTAL FITNESS IN 30 MINUTES A WEEK / / by LAURENCE E.MOREHOUSE.-NEW YORK : : POCKET BOOKS, , 1976. |
| 255 p. ; ; 18cm. |
| BEST SELLER 1# |
| ISBN |
| ● |
| 相关链接 |
|
|
|
|
正题名:TOTAL FITNESS IN 30 MINUTES A WEEK
索取号:R165/x74
 
预约/预借
| 序号 | 登录号 | 条形码 | 馆藏地/架位号 | 状态 | 备注 |
| 1 | 10105 | 300101057 | 第二样本阅览室/ [索取号:R165/x74] | 在馆 |